书目信息 |
| 题名: |
一切皆有可能
|
|
| 作者: | 陈添富 编著 | |
| 分册: | ||
| 出版信息: | 哈尔滨 哈尔滨出版社 2013.03 |
|
| 页数: | 267页 | |
| 开本: | 23cm | |
| 丛书名: | ||
| 单 册: | ||
| 中图分类: | K837.127=6 , B848.4 , B848.4 | |
| 科图分类: | ||
| 主题词: | 成功心理--青年读物 , 成功心理 , 个性心理学 , 人格心理学 | |
| 电子资源: | ||
| ISBN: | 978-7-5484-1314-1 | |
| 000 | 01162nam0 2200337 450 | |
| 001 | 0000500024687 | |
| 005 | 20140610164228.85 | |
| 010 | @a978-7-5484-1314-1@dCNY29.80 | |
| 100 | @a20130313d2013 em y0chiy50 ea | |
| 101 | 0 | @achi |
| 102 | @aCN@b230000 | |
| 105 | @ay z 000yb | |
| 106 | @ar | |
| 200 | 1 | @a一切皆有可能@9yi qie jie you ke neng@e奥巴马给年轻人的62个忠告@f陈添富编著 |
| 210 | @a哈尔滨@c哈尔滨出版社@d2013.03 | |
| 215 | @a267页@d23cm | |
| 330 | @a本书中奥巴马将用自己的亲身经历现身说法,教导年轻人如何实现自己的梦想,如何成为竞争路上的“黑马”。主要内容包括:敢于梦想,为自己制定合理的目标、选择离梦想更近的道路等。 | |
| 333 | @a一般读者 | |
| 517 | 1 | @a奥巴马给年轻人的62个忠告@9ao ba ma gei nian qing ren de 62 ge zhong gao |
| 600 | 0 | @a奥巴马@c(Obama, Barack@f1961-)@x生平事迹 |
| 600 | 0 | @a奥巴马@c(Obama, Barack@f1961-) |
| 606 | 0 | @a成功心理@j青年读物 |
| 606 | 0 | @a成功心理 |
| 606 | 0 | @a个性心理学 |
| 606 | 0 | @a人格心理学 |
| 690 | @aK837.127=6@v5 | |
| 690 | @aB848.4@v5 | |
| 690 | @aB848.4@v4 | |
| 701 | 0 | @a陈添富@9chen tian fu@4编著 |
| 801 | 0 | @aCN@b人天书店@c20130313 |
| 905 | @b845755-57@dB848.4@e1214@f3 | |
| 一切皆有可能:奥巴马给年轻人的62个忠告/陈添富编著.-哈尔滨:哈尔滨出版社,2013.03 |
| 267页;23cm |
| 使用对象:一般读者 |
| ISBN 978-7-5484-1314-1:CNY29.80 |
| 本书中奥巴马将用自己的亲身经历现身说法,教导年轻人如何实现自己的梦想,如何成为竞争路上的“黑马”。主要内容包括:敢于梦想,为自己制定合理的目标、选择离梦想更近的道路等。 |
| ● |
| 相关链接 |
|
|
|
|
正题名:一切皆有可能
索取号:B848.4/1214
 
预约/预借
| 序号 | 登录号 | 条形码 | 馆藏地/架位号 | 状态 | 备注 |
| 1 | 845755 | 208457551 | 第一样本阅览室/ [索取号:B848.4/1214] | 在馆 | |
| 2 | 845756 | 208457560 | 第一借阅区/ [索取号:B848.4/1214] | 在馆 | |
| 3 | 845757 | 208457579 | 第一借阅区/ [索取号:B848.4/1214] | 在馆 |